Occasional Papers Series /
Na minha lista:
| Autor Corporativo: | |
|---|---|
| Formato: | Livro |
| Idioma: | English |
| Publicado em: |
Florida, Estados Unidos:
Institute of Latin American and Caribbean Center
|
| Assuntos: | |
| Tags: |
Adicionar Tag
Sem tags, seja o primeiro a adicionar uma tag!
|
MARC
| LEADER | 00000nam a22000007a 4500 | ||
|---|---|---|---|
| 003 | cru CIDCACS/IIS | ||
| 005 | 20230620062547.0 | ||
| 008 | 200611n -us|||p|r||||||0| ||eng|d | ||
| 999 | |c 43182 |d 43182 | ||
| 040 | |c cru CIDCACS/IIS | ||
| 090 | |a REV0715 | ||
| 110 | 2 | |9 9349 |a Institute of Latin American and Caribbean Center | |
| 245 | 1 | |a Occasional Papers Series / |c University of North Carolina at Chapel Hill. Institute of Latin American Studies | |
| 260 | |a Florida, Estados Unidos: |b Institute of Latin American and Caribbean Center | ||
| 270 | |a Florida International University Tamiamitrai, Miami, FL 33199 U.S | ||
| 500 | |a EXISTENCIAS: 1980 (8) 1984 (31*, 33*, 39) 1985 (9-14, 43, 47*) 1986 (15, 17) 1987 (20, 23, 87*) 1988 (110) * SERIE DIALOGUES | ||
| 650 | 0 | |9 2520 |a CRISIS | |
| 650 | 4 | |9 1935 |a RECESION ECONOMICA | |
| 650 | 0 | |a SECTOR PUBLICO |9 2374 | |
| 650 | 0 | |9 2375 |a SECTOR PRIVADO | |
| 650 | 4 | |9 1930 |a INVESTIGACION | |
| 942 | |2 ddc |c PP | ||
